000 00740nam a22002177a 4500
999 _c17784
_d17784
003 AR-CdUCM
008 190509b ||||| |||| 00| 0 spa d
040 _aMUNICIPALIDAD PROVINCIAL DEL CUSCO
_cBIBLIOTECA MUNICIPAL DEL CUSCO
082 _a341 /
_bH35
100 _aHegel, Guillermo Federico
_937966
245 _aLineas fundamentales de la filosofía del derecho /
260 _aBuenos Aires :
_bEdit Claridad,
_c1937.
300 _a298 páginas ;
_c21 cm.
440 _aBiblioteca de obras famosas
_929218
505 _aContenido: El derecho abstracto -- Sección primera -- Sección segunda...
650 _aDerecho
_9739
650 _aFilosofía
_9395
650 _aMarx
_94291
942 _2ddc
_cLIBROS
945 _adavv
_d2019-05-09